PDCA chuyên nghiệp

Sách giới thiệu bản chất PDCA là gì?,chỉ ra PDCA cần có quan hệ như thế nào với chiến lược doanh nghiệp, cách vận dụng nhuần nhuyễn PDCA,...

Đã lưu trong:
書目詳細資料
主要作者: Inada, Masato
其他作者: Nguyễn Thị Mai (Dịch)
格式: 圖書
語言:Vietnamese
出版: H. Công thương 2019
版:Tái bản lần 2
主題:
標簽: 添加標簽
沒有標簽, 成為第一個標記此記錄!
Thư viện lưu trữ: Thư viện Trường Đại học Nam Cần Thơ
LEADER 01003nam a22002177a 4500
001 NCT_77580
008 200328b xxu||||| |||| 00| 0 vie d
999 |c 3778  |d 3778 
020 |a 9786049317927  |c 99000 
082 0 4 |2 23rd ed.  |a 658.401  |b I126 
100 1 |a Inada, Masato 
245 1 0 |a PDCA chuyên nghiệp  |c Masato Inada; Nguyễn Thị Mai (dịch) 
250 |a Tái bản lần 2 
260 |a H.  |b Công thương  |c 2019 
300 |a 357 tr.  |c 21cm 
520 3 |a Sách giới thiệu bản chất PDCA là gì?,chỉ ra PDCA cần có quan hệ như thế nào với chiến lược doanh nghiệp, cách vận dụng nhuần nhuyễn PDCA,... 
653 |a Quản trị kinh doanh 
700 1 |a Nguyễn Thị Mai  |e Dịch 
942 |2 ddc  |c BK 
952 |0 0  |1 0  |2 ddc  |4 0  |6 658_401000000000000_I126  |7 0  |9 19322  |a 000001  |b 000001  |d 2020-03-28  |o 658.401 I126  |p MD.16898  |r 2020-03-28  |v 99000.00  |w 2020-03-28  |y BK 
980 |a Thư viện Trường Đại học Nam Cần Thơ